000 01695nam a2200229Ia 4500
001 19111
003 GE_BSU
008 181216s||||||||xx |||||||||||||| ||und||
040 _cGE_BSU
080 _a02
245 _aსაბიბლიოთეკო ასოციაციების და ორგანიზაციების საერთაშორისო ფედერაცია (IFLA) საყოველთაო ბიბლიოგრაფიული აღრიცხვისა და საერთაშორისო კომპიუტერული კატალოგიზაციის პროგრამა(UBCIM)
245 _cრედ. მარი-ფრანს პლასარი. კ.გ. საური. ინგლ. თარგმნა თეიმურაზ ჩხენკელმა და გიორგი ბახიამ
260 _aთბილისი
260 _bბიბლ-ს ავტომ. ასოც. საქ-ში
260 _c2000
300 _a83გვ.
541 _h4ლ.05თ.
653 _aსაბიბლიოთეკო ასოციაციების და ორგანიზაციების საერთაშორისო ფედერაცია (IFLA) საყოველთაო ბიბლიოგრაფიული აღრიცხვისა და საერთაშორისო კომპიუტერული კატალოგიზაციის პროგრამა(UBCIM)
653 _aსაბიბლიოთეკო საქმე
653 _aქსეროქსი
942 _cBK
999 _c52104
_d52104